Search the Library Catalogue
| 000 -LEADER | |
|---|---|
| fixed length control field | 01203nam a2200181Ia 4500 |
| 008 - FIXED-LENGTH DATA ELEMENTS--GENERAL INFORMATION | |
| fixed length control field | 250807s9999 xx 000 0 und d |
| 020 ## - INTERNATIONAL STANDARD BOOK NUMBER | |
| ISBN | 9781843546238 |
| 082 ## - DEWEY DECIMAL CLASSIFICATION NUMBER | |
| Classification number | 958.7086092 |
| Item number | BIB |
| 100 ## - MAIN ENTRY--AUTHOR NAME | |
| Personal name | Bibish |
| 245 #4 - TITLE STATEMENT | |
| Title | The Dancer from Khiva |
| Statement of responsibility, etc | Bibish |
| 260 ## - PUBLICATION, DISTRIBUTION, ETC. (IMPRINT) | |
| Name of publisher | Atlantic Books |
| Year of publication | 2009 |
| 300 ## - PHYSICAL DESCRIPTION | |
| Number of Pages | 224 pages |
| 520 ## - SUMMARY, ETC. | |
| Summary, etc | This is the unflinchingly honest, deceptively plainspoken memoir of a woman coming of age in an Islamic village in Uzbekistan. In a narrative that flows like a late-night confession, Bibish recounts her story... Born into an impoverished family in a deeply religious village, Bibish was named 'Hadjarbibi' in honour of her grandfather's hadj, his pilgrimage to Mecca. But her holy name could not protect her when, at the age of eight, she was brutally abused, and left for dead in the desert. Bibish's tenacity helped her survive the attack - she instinctively knew to keep her experience a secret rather than risk further punishment. But soon her love for dancing - prohibited by Islamic custom - resulted in her being beaten, victimized, and ostracized from her family and her community. |
| 650 ## - SUBJECT ADDED ENTRY--TOPICAL TERM | |
| Topical Term | Dancers |
| 942 ## - ADDED ENTRY ELEMENTS (KOHA) | |
| Koha item type | English Books |
| Withdrawn status | Lost status | Damaged status | Not for loan | Home library | Current library | Shelving location | Date acquired | Full call number | Accession Number | Price effective from | Koha item type |
|---|---|---|---|---|---|---|---|---|---|---|---|
| Anna Centenary Library | Anna Centenary Library | 7TH FLOOR, B WING | 07.08.2025 | 958.7086092 BIB | 411160 | 07.08.2025 | English Books |